书目信息 |
| 题名: |
球面天文学
|
|
| 作者: | 苗永宽 编 | |
| 分册: | ||
| 出版信息: | 北京 科学出版社 1983 |
|
| 页数: | 191页 | |
| 开本: | 19cm | |
| 丛书名: | ||
| 单 册: | ||
| 中图分类: | P121 | |
| 科图分类: | ||
| 主题词: | 球面天文学 | |
| 电子资源: | ||
| ISBN: | ||
| 000 | 00608nam0 2200241 45 | |
| 001 | 0183006343 | |
| 005 | 20040520170110.8 | |
| 010 | @dCNY1.00 | |
| 091 | @a13031.2445 | |
| 100 | @a19950323d1983 emky0chiy0121 ea | |
| 101 | 0 | @achi |
| 102 | @aCN@b110000 | |
| 105 | @ay z 000yy | |
| 106 | @ar | |
| 200 | 10 | @a球面天文学@Aqiu mian tian wen xue@f苗永宽编 |
| 210 | @a北京@c科学出版社@d1983 | |
| 215 | @a191页@d19cm | |
| 606 | @a球面天文学 | |
| 690 | @aP121@v3 | |
| 701 | 0 | @a苗永宽@Amiao yong kuan@4编 |
| 801 | 0 | @aCN@b上海图书馆@c20040520 |
| 801 | 2 | @aCN@bNLC@c20040520 |
| 905 | @f1@b98577@dP121@e17 | |
| 球面天文学/苗永宽编.-北京:科学出版社,1983 |
| 191页;19cm |
| ISBN :CNY1.00 |
| ● |
| 相关链接 |
|
|
|
|
正题名:球面天文学
索取号:P121/17
 
预约/预借
| 序号 | 登录号 | 条形码 | 馆藏地/架位号 | 状态 | 备注 |
| 1 | 0098577 | 000628208 | 第三借阅区/ [索取号:P121/17] | 在馆 | |
| 2 | 0098578 | 000628191 | 第二样本阅览室/ [索取号:P121/17] | 在馆 |